000
00267nam a22001097a 4500
082
_a
621.3804 ANT'D
100
_a
DEPARTMENT OF THE ARMY
_9
44833
245
_a
ANTENNAS AND RADIO PROPAGATION
260
_a
USA
_b
DEPARTMENT OF ARMY
_c
1953
300
_a
225P
942
_c
BK
999
_c
582535
_d
582535